| 000 | 00916nam a22003257a 4500 | ||
|---|---|---|---|
| 005 | 20250804155926.0 | ||
| 008 | 170425b2011 xxu||||| |||| 00| 0 spa d | ||
| 020 | _a9788493926823 | ||
| 041 | _aESP | ||
| 082 | _a658.409.2 G179a2 | ||
| 100 |
_aGaltés Campos, Mar _942357 |
||
| 245 | _aAventuras de emprendedores: 57 historias de creatividad y valentía en la empresa | ||
| 250 | _a2 edición | ||
| 260 | _aEspaña | ||
| 260 | _bLexus | ||
| 260 | _c2011 | ||
| 300 | _a229 páginas | ||
| 490 | _aDirección y Administración de Empresas | ||
| 650 | _aLIDERAZGO EJECUTIVO | ||
| 650 | _aEMPRENDER CON PASIÓN | ||
| 650 | _aINVENTAR UNA MARCA | ||
| 650 | _aPIONEROS DE INTERNET | ||
| 650 | _aEMPRENDEDURISMO | ||
| 650 | _aNUEVAS TECNOLOGÍAS | ||
| 650 | _aEMPRENDEDORES | ||
| 650 | _aPIONEROS DE INTERNET | ||
| 650 | _aNUEVAS TECNOLOGÍAS | ||
| 650 | _aBIOCTENOLOGÍA | ||
| 942 |
_cBK _2ddc |
||
| 999 |
_c11842 _d11842 |
||